000 00737nam a2200217 i 4500
001 98131
003 ES-MaACL
005 20240421063022.0
007 t|
008 050726s1986 sp ||||1| spa d
020 _a84-085763-93-9
100 1 _aMarrodán, Mario Ángel,
_d1932-2005
_977080
245 1 0 _aExtravío interior /
_cMario Angel Marrodán.
260 _aAlcorcón (Madrid) :
_bAgrupación Hispana de Escritores,
_c1986.
300 _a20 p. ;
_c21 cm.
490 1 _acuadernos autores lectores de poesía ;
_v1
710 0 0 _aAgrupación Hispana de Escritores.
_91292
830 0 _acuadernos autores lectores de poesía ;
_v1
_9232317
852 _aES-MaACL
_j2138-F-17
_bR.112722
999 _c98131
_d98131